Расчет стохастической процентной ставки и нахождение соотношения "волатильность-страйк"; Форсайт как инструмент технологического и социального предвидения

Detalhes bibliográficos
Parent link:Форсайт как инструмент технологического и социального предвидения.— 2015.— [С. 47-50]
Autor principal: Новосельцева Д. А.
Autor Corporativo: Национальный исследовательский Томский политехнический университет (ТПУ) Физико-технический институт (ФТИ) Кафедра высшей математики и математической физики (ВММФ)
Outros Autores: Крицкий О. Л. Олег Леонидович
Resumo:Заглавие с титульного экрана
Idioma:russo
Publicado em: 2015
Colecção:Форсайт - технологии, способные изменить будущее
Assuntos:
Acesso em linha:http://earchive.tpu.ru/handle/11683/20051
http://www.lib.tpu.ru/fulltext/c/2015/C107/013.pdf
Formato: Recurso Electrónico Capítulo de Livro
KOHA link:https://koha.lib.tpu.ru/cgi-bin/koha/opac-detail.pl?biblionumber=616053

MARC

LEADER 00000naa2a2200000 4500
001 616053
005 20240208135705.0
035 |a (RuTPU)RU\TPU\conf\14286 
035 |a RU\TPU\conf\14285 
090 |a 616053 
100 |a 20151203d2015 k y0rusy50 ca 
101 0 |a rus 
102 |a RU 
105 |a y z 101zy 
135 |a drgn ---uucaa 
181 0 |a i  
182 0 |a b 
200 1 |a Расчет стохастической процентной ставки и нахождение соотношения "волатильность-страйк"  |d Assessing the stochastic interest rate and finding hedging deltas "volatility-strike"  |f Д. А. Новосельцева, О. Л. Крицкий 
203 |a Текст  |c электронный 
225 1 |a Форсайт - технологии, способные изменить будущее 
300 |a Заглавие с титульного экрана 
320 |a [Библиогр.: с. 50 (1 назв.)] 
337 |a Adobe Reader 
463 0 |0 (RuTPU)RU\TPU\conf\14033  |t Форсайт как инструмент технологического и социального предвидения  |o материалы междисциплинарного научного семинара студентов и молодых ученых, г. Томск, 1-2 октября 2015 г.  |f Национальный исследовательский Томский политехнический университет (ТПУ) ; ред. кол. Н. А. Лукьянова ; С. А. Маленко ; А. Г. Некита  |v [С. 47-50]  |d 2015 
510 1 |a Assessing the stochastic interest rate and finding hedging deltas "volatility-strike"  |z eng 
610 1 |a труды учёных ТПУ 
610 1 |a электронный ресурс 
610 1 |a процентные ставки 
610 1 |a волатильность 
610 1 |a финансовая математика 
610 1 |a инвестирование 
610 1 |a котировки 
700 1 |a Новосельцева  |b Д. А. 
701 1 |a Крицкий  |b О. Л.  |c математик  |c доцент Томского политехнического университета, кандидат физико-математических наук  |f 1976-  |g Олег Леонидович  |3 (RuTPU)RU\TPU\pers\28123  |9 13081 
712 0 2 |a Национальный исследовательский Томский политехнический университет (ТПУ)  |b Физико-технический институт (ФТИ)  |b Кафедра высшей математики и математической физики (ВММФ)  |3 (RuTPU)RU\TPU\col\18727 
801 2 |a RU  |b 63413507  |c 20210224  |g RCR 
856 4 |u http://earchive.tpu.ru/handle/11683/20051 
856 4 |u http://www.lib.tpu.ru/fulltext/c/2015/C107/013.pdf 
942 |c BK